Rap by letter (N) - Statistics

General Stats
  • This quiz has been taken 8 times
  • The average score is 3 of 10
Answer Stats
Hint Answer % Correct
Biggest city for rap. New York City
100%
Eastside rapper, released debut album "Illmatic" in 1994. Nas
63%
Westside rap group, released it's debut album "Straight Outta Compton" in 1988. N.W.A.
63%
Biggest song from that rapper, also from "Illmatic". N.Y. State Of Mind
38%
Westside artist, who has done features for Snoop Dogg, Eminem and Dr. Dre etc. Nate Dogg
25%
Westside Connection's song: "Gangsta ______". Nation
25%
Ice Cube's disstrack towards that group, released in 1991. No Vaseline
25%
Snoop Dogg's album, released in 1999. No Limit Top Dogg
0%
The Notorious B.I.G.'s song from "Life After Death", featuring Bone Thugs-n-Harmony. Notorious Thugs
0%
Dr. Dre's song from "The Chronic", featuring Snoop Dogg. Nuthin' But A "G" Thang
0%
No matching quizzes found
Score Distribution
Percent of People with Each Score
Percentile by Number Answered
Your Score History
You have not taken this quiz